01353pab a2200169 454500008004000000100001900040245007200059260000900131300001300140362001100153520090500164650002401069650002401093650001601117650001601133773003401149180718b2010 xxu||||| |||| 00| 0 eng d aMitra, Subrata aCitizenship in India: some preliminary results of a national survey c2010 ap.46-53. a27 Feb aCitizenship is a valued resource whose wide dispersal across the population enhances the resilience of a political system. While legal entitlement to citizenship under the laws of the land is a necessary condition, by itself it does not suffice for the individual to feel the full power and potential of citizenship. Other complementary factors such as rights, capacity, sentiments, and moral obligations enhance the sense of citizenship. A sample survey of 8,000 citizens shows a widely dispersed sense of citizenship that largely overcomes the differences resulting from social class, ethnicity, religion, gender and generation. However, the underlying variance, particular at the level of citizenship across India's regions, reveals the political limits of the Indian model and the scope for policies at extending citizenship to sections of the population that are outside its reach. - Reproduced. aCitizenship - India aNationality - India aCitizenship aNationality aEconomic and Political Weekly